Zusammengewürfelte EM Länder-Wappen erkennen - Statistiken

Allgemein
  • Dieses Quiz wurde 264 mal gespielt
  • Das Durchschnittsergebnis liegt bei 6 aus 7
Antwortstatistiken
Bildquiz Antwort % Korrekt
Deutschland
99%
Portugal
98%
Österreich
92%
Dänemark
88%
Ungarn
73%
Tschechien
71%
Belgien
62%
Keine übereinstimmenden Quizze gefunden
Verteilung der Resultate
Anzahl Personen mit jedem Resultat
Perzentil nach korrekt beantworteten Fragen
Ihre Resultats-Entwicklung
Sie haben dieses Quiz noch nicht gespielt